000 00629nam a22001937a 4500
999 _c189683
_d189683
005 20220711113946.0
010 _aUR-11639
020 _a9789392496448
_c250.00
035 _aU-10194
037 _bDBAD/PUB
_a-
082 _aک
100 _aجیلا نی بانو
245 _aدیکھیں کیا کزرے ہہے قطرے پہ /
_cجیلا نی بانو
246 _aDekhen Kya Guzre Hai Qatre Pe /
_bby Jeelani Bano
260 _aNew Delhi
_bEducational Publishing House
_c2021 ء
270 _aH.o. D1/16, Ansari Road, Daryaganj
_bNew Delhi
_e110002
300 _a167 ص
_c22cm(Hb)
942 _2ddc
_cUR
_hک
_mج ی ل